| 000 | 00589nam a2200205Ia 4500 | ||
|---|---|---|---|
| 008 | 191130s2002##################000#0#eng## | ||
| 020 | _a9780747263876 | ||
| 040 |
_aACL _cACL |
||
| 082 | _a823.914 JAR | ||
| 100 | _aJardine, Quintin | ||
| 245 |
_aAutographs in the rain _cQuintin Jardine |
||
| 250 | _a1st ed | ||
| 260 |
_aLondon _bHeadline _c2002 |
||
| 300 | _a436 p. ; 18 cm | ||
| 650 | _aPolice - Scotland - Edinburgh - Fiction | ||
| 650 | _aSkinner, Bob (Fictitious character) -- Fiction | ||
| 990 | _a077a0413ac10000c4a80cc5cff2b8f78 | ||
| 991 | _a390703 | ||
| 999 |
_c376085 _d376085 |
||